00382nam a22001217a 4500082002400000100003100024245006300055260005400118300001200172526003700184650000800221700003100229 a346.0469516bENDcD aU.S Department of Interior aEndangered species act of 1973cU.S Department of Interior aWashington, D.CbU.S Department of Interiorc1988 a45 p. : a0b0c0d346_046951600000000_END aMCE aU.S Department of Interior